Statistics for Top 20 Chinese cities by GDP (2022)

Click here to take the quiz!

General Stats

  • This quiz has been taken 28 times
  • The average score is 15 of 20

Answer Stats

No.GDP (bil.¥)GDP (bil.$)ProvinceCities% Correct
24161.1618.7/Beijing
100%
14465.2663.9/Shanghai
100%
52883.9428.8GuangdongGuangzhou
96%
33238.8481.5GuangdongShenzhen
96%
72081.8309.5SichuanChengdu
93%
42912.9433.1/Chongqing
89%
81886.6280.5HubeiWuhan
89%
91875.3278.8ZhejiangHangzhou
85%
111631.1242.5/Tianjin
85%
101690.8251.4JiangsuNanjing
81%
181230.8183.0FujianFuzhou
74%
151396.6207.6HunanChangsha
70%
201202.7178.8ShandongJinan
70%
131492.1221.8ShandongQingdao
67%
161293.5192.3HenanZhengzhou
67%
121570.4233.5ZhejiangNingbo
63%
62395.8356.2JiangsuSuzhou
56%
141485.1220.8JiangsuWuxi
56%
171269.8188.8GuangdongFoshan
48%
191210.3179.9FujianQuanzhou
41%

Score Distribution

Percentile by Number Answered

Percent of People with Each Score

Your Score History

You have not taken this quiz